|
|
|
|
| LEADER |
00000nam2a2200000 4500 |
| 001 |
248465 |
| 005 |
20231101232406.0 |
| 020 |
|
|
|a RU
|b 89-53964ж
|
| 035 |
|
|
|a (RuTPU)RU\TPU\book\270269
|
| 035 |
|
|
|a RU\TPU\book\227638
|
| 090 |
|
|
|a 248465
|
| 100 |
|
|
|a 20120203d1988 k y0rusy5003 ca
|
| 101 |
0 |
|
|a rus
|
| 102 |
|
|
|a RU
|
| 105 |
|
|
|a a z 000zy
|
| 200 |
0 |
|
|a Вып. 24
|f отв. ред. Ю. П. Селиванов
|
| 210 |
|
|
|d 1988
|
| 215 |
|
|
|d 21 см
|a 203 с.
|c ил.
|
| 461 |
|
1 |
|0 (RuTPU)RU\TPU\book\233225
|t Вычислительная техника социалистических стран
|o сборник статей
|f Межправительственная комиссия по сотрудничеству социалистических стран в области вычислительной техники ; под ред. Ю. В. Терехова
|v Вып. 24
|d 1977-1990
|
| 606 |
1 |
|
|a Вычислительная техника
|x За рубежом
|2 stltpush
|3 (RuTPU)RU\TPU\subj\4040
|9 32356
|
| 610 |
1 |
|
|a социалистические страны
|
| 610 |
1 |
|
|a международное сотрудничество
|
| 610 |
1 |
|
|a технические средства
|
| 610 |
1 |
|
|a программное обеспечение
|
| 610 |
1 |
|
|a применение
|
| 610 |
1 |
|
|a эксплуатация
|
| 610 |
1 |
|
|a обслуживание
|
| 610 |
1 |
|
|a программные средства
|
| 675 |
|
|
|a 681.3(1-87)
|v 3
|
| 702 |
|
1 |
|a Селиванов
|b Ю. П.
|4 340
|
| 801 |
|
1 |
|a RU
|b 63413507
|c 20140123
|
| 801 |
|
2 |
|a RU
|b 63413507
|c 20150423
|g RCR
|
| 942 |
|
|
|c BK
|